| 000 | 01574cam a2200325 i 4500 | ||
|---|---|---|---|
| 001 | 17181 | ||
| 003 | DO-SdUEMH | ||
| 005 | 20260312222245.0 | ||
| 007 | ta | ||
| 008 | 211105s2013 dr a|||gr|||| 0|0 ||spa|d | ||
| 040 |
_aDO-SdUEMH _bspa _erda |
||
| 082 | 0 | 4 |
_mRD _a362.1969792 _bC433s |
| 100 | 1 |
_aChahin, Dulce _93531 _eautr |
|
| 245 | 1 | 0 |
_aServicios de atención a personas con VIH, con enfoque de mejoramiento continuo de la calidad (MCC) / _cDulce Chahin, Alba Rodríguez ; colaborador: Gercy Mateo ; revisión técnica: Danielle Darrow de Mora, Gregorio Soriano |
| 264 | 1 |
_aRepública Dominicana, Santo Domingo : _bMinisterio de Salud Pública, _c2013 |
|
| 300 |
_a90 páginas : _bIlustraciones ; _c23 cm. |
||
| 336 |
_2rdacontent _atexto _btxt |
||
| 337 |
_2rdamedia _asin mediación _bn |
||
| 338 |
_2rdacarrier _avolumen _bnc |
||
| 490 | 0 | _aLecciones aprendidas / 2008-2013 | |
| 505 | 2 | _aContexto del sistema de salud -- Planeamiento del problema -- Objetivos de la intervención -- Descripción del abordaje -- Estrategias y líneas de acción -- Implementación del componente de fortalecimiento de los servicios del VIH SIDA -- Guía de herramientas -- Resultados del abordaje -- Lecciones aprendidas. | |
| 650 | 7 |
_aSIDA _zRepública Dominicana _93523 |
|
| 650 | 4 |
_aEnfermedades de transmisión sexual _zRepública Dominicana _xPrevención _92711 |
|
| 700 | 1 |
_aRodríguez, Alba _eautr _93532 |
|
| 700 | 1 |
_aDarrow de Mora, Danielle _erevi _93533 |
|
| 700 | 1 |
_aSoriano, Gregorio _erev _93535 |
|
| 700 | 1 |
_aMateo, Gercy _ecolb _93534 |
|
| 942 |
_2ddc _cBK _n0 |
||
| 999 |
_c17181 _d17181 |
||